[Event "Prague Golden Blitz op"]
[Site "Prague"]
[Date "2023.06.18"]
[Round "3"]
[White "Stanek, Ondrej"]
[Black "Dolezal, Radoslav"]
[Result "0-1"]
[WhiteElo "1983"]
[BlackElo "2366"]
[PlyCount "38"]
[EventDate "2023.06.18"]
[EventType "swiss (blitz)"]
[EventRounds "11"]
[EventCountry "CZE"]
[SourceTitle "CBM 215 Extra"]
[Source "ChessBase"]
[SourceDate "2023.09.30"]
[SourceVersion "1"]
[SourceVersionDate "2023.09.30"]
[SourceQuality "1"]

1. e4 e5 2. Nf3 Nc6 3. Bb5 a6 4. Bxc6 dxc6 5. 0-0 Bg4 6. h3 h5 7. d3 Qf6 8. Nbd2 Bc5 9. c3 Ne7 10. Re1 0-0-0 11. d4 exd4 12. e5 Qg6 13. hxg4 hxg4 14. cxd4 gxf3 15. Nxf3 Nf5 16. Be3 Bb4 17. Re2 Qh5 18. Kf1 Qh1+ 19. Ng1 Rh2 0-1

[Event "Prague Golden Blitz op"]
[Site "Prague"]
[Date "2023.06.18"]
[Round "10"]
[White "Stanek, Ondrej"]
[Black "Kolmychek, Evelina"]
[Result "1-0"]
[WhiteElo "1983"]
[BlackElo "2057"]
[PlyCount "103"]
[EventDate "2023.06.18"]
[EventType "swiss (blitz)"]
[EventRounds "11"]
[EventCountry "CZE"]
[SourceTitle "CBM 215 Extra"]
[Source "ChessBase"]
[SourceDate "2023.09.30"]
[SourceVersion "1"]
[SourceVersionDate "2023.09.30"]
[SourceQuality "1"]

1. e4 e5 2. Nf3 Nc6 3. Bb5 a6 4. Bxc6 dxc6 5. 0-0 Bd6 6. d4 exd4 7. Qxd4 Bf8 8. Qxd8+ Kxd8 9. Rd1+ Ke8 10. Bf4 Nf6 11. Bxc7 Nxe4 12. Rd8+ Ke7 13. Rd4 Nf6 14. Nc3 Be6 15. Re1 Ne8 16. Bb6 h6 17. Ne4 Nf6 18. Nc5 Nd5 19. Nxb7 Nxb6 20. Nc5 Kf6 21. Rf4+ Kg6 22. Nxe6 fxe6 23. Rxe6+ Kh7 24. Rxc6 Nd5 25. Rf7 Re8 26. Kf1 Nb4 27. Rcc7 Nd5 28. Ra7 Ne7 29. Rxa6 Kg8 30. Rf4 Ng6 31. Rg4 Ne5 32. Re4 Nxf3 33. Rxe8 Ng5 34. h4 Kf7 35. Rxf8+ Rxf8 36. hxg5 hxg5 37. c4 Rc8 38. Ra7+ Kf6 39. b3 g6 40. Ke2 Kf5 41. Rf7+ Ke4 42. Re7+ Kf4 43. a4 Rb8 44. Re3 g4 45. g3+ Kf5 46. Rc3 Re8+ 47. Kf1 Rd8 48. c5 Ke4 49. c6 Kd4 50. Rc4+ Kd3 51. c7 Rh8 52. c8Q 1-0

[Event "Prague Golden Blitz op"]
[Site "Prague"]
[Date "2023.06.18"]
[Round "5"]
[White "Stanek, Ondrej"]
[Black "Zoubek, David"]
[Result "1-0"]
[WhiteElo "1983"]
[BlackElo "1801"]
[PlyCount "51"]
[EventDate "2023.06.18"]
[EventType "swiss (blitz)"]
[EventRounds "11"]
[EventCountry "CZE"]
[SourceTitle "CBM 215 Extra"]
[Source "ChessBase"]
[SourceDate "2023.09.30"]
[SourceVersion "1"]
[SourceVersionDate "2023.09.30"]
[SourceQuality "1"]

1. e4 e6 2. d4 d5 3. Nd2 dxe4 4. Nxe4 Bd7 5. Nf3 Bc6 6. Bd3 Nd7 7. 0-0 Ngf6 8. Qe2 Nxe4 9. Bxe4 Bxe4 10. Qxe4 c6 11. Re1 Nf6 12. Qh4 Be7 13. Qg3 0-0 14. Bh6 Ne8 15. Rad1 Kh8 16. Bf4 Nf6 17. Ne5 Nh5 18. Qf3 Nxf4 19. Qxf4 Bf6 20. Rd3 Qa5 21. Kf1 Bxe5 22. dxe5 Rad8 23. Rg3 Qxa2 24. Qg5 Rg8 25. Rh3 g6 26. Qf6+ 1-0

[Event "Mid Bohemia Region-chT 2223"]
[Site "Czech Republic"]
[Date "2022.11.13"]
[Round "3.5"]
[White "Stanek, Ondrej"]
[Black "Hlozek, Jan"]
[Result "1-0"]
[WhiteElo "1911"]
[BlackElo "1899"]
[PlyCount "79"]
[EventDate "2022.10.09"]
[EventType "team-tourn"]
[EventRounds "11"]
[EventCountry "CZE"]
[SourceTitle "EXT 2024"]
[Source "ChessBase"]
[SourceDate "2023.10.10"]
[SourceVersion "1"]
[SourceVersionDate "2023.10.10"]
[SourceQuality "1"]
[WhiteTeam "Vlasim II"]
[BlackTeam "Mlada Boleslav Skoda"]
[WhiteTeamCountry "CZE"]
[BlackTeamCountry "CZE"]

1. e4 c5 2. Nf3 e6 3. d4 cxd4 4. Nxd4 Nf6 5. Nc3 d6 6. Be2 Nc6 7. Be3 Be7 8. 0-0 Bd7 9. Ndb5 Qb8 10. Bg5 a6 11. Bxf6 gxf6 12. Nd4 b5 13. a3 Qb6 14. Nf3 0-0 15. Qd2 Rfd8 16. Bd3 Ne5 17. Nxe5 fxe5 18. Kh1 Bf8 19. Qg5+ Bg7 20. f4 Rf8 21. f5 f6 22. Qh4 exf5 23. exf5 Bc6 24. Be4 Rad8 25. Rad1 Rd7 26. Rd3 a5 27. Bd5+ Kh8 28. Be6 Rdd8 29. Nd5 Bxd5 30. Rxd5 Rfe8 31. Rf3 Qc6 32. Rc3 Qb7 33. Rh3 h6 34. Qe4 Re7 35. Rb3 b4 36. axb4 axb4 37. Qxb4 Qa8 38. Rd1 Rc7 39. c4 Bf8 40. Qb6 1-0

[Event "Ricany op-A"]
[Site "Ricany"]
[Date "2017.08.28"]
[Round "4"]
[White "Slovak, Kilian"]
[Black "Stanek, Ondrej"]
[Result "1-0"]
[WhiteElo "2101"]
[BlackElo "1885"]
[PlyCount "143"]
[EventDate "2017.08.26"]
[EventType "swiss"]
[EventRounds "9"]
[EventCountry "CZE"]
[SourceTitle "CBM 180 Extra"]
[Source "ChessBase"]
[SourceDate "2017.10.06"]
[SourceVersion "1"]
[SourceVersionDate "2017.10.06"]
[SourceQuality "1"]

1. e4 e5 2. Nf3 Nc6 3. Bb5 a6 4. Bc4 Nf6 5. 0-0 Be7 6. Re1 b5 7. Bb3 0-0 8. h3 d6 9. c3 Na5 10. Bc2 c5 11. d3 Qc7 12. Nbd2 Nc6 13. Nf1 d5 14. exd5 Nxd5 15. Ne3 Nf4 16. Ng4 Ng6 17. Qe2 Bd6 18. Ng5 Be7 19. Bb3 Bb7 20. Bd5 Rad8 21. Be4 Bxg5 22. Bxg5 f6 23. Bxg6 hxg6 24. Be3 Ne7 25. f3 Nd5 26. Nf2 f5 27. Bd2 Rfe8 28. c4 Nf6 29. Bc3 Nd7 30. b3 b4 31. Bb2 Re7 32. a3 a5 33. axb4 axb4 34. d4 cxd4 35. Bxd4 Rde8 36. Be3 Nc5 37. Bxc5 Qxc5 38. Qe3 Qxe3 39. Rxe3 e4 40. fxe4 Bxe4 41. Nxe4 fxe4 42. Ra4 Rb8 43. Kf2 Kf7 44. Kg3 g5 45. Ra5 Kf6 46. Kg4 Re5 47. Ra6+ Kf7 48. Rd6 Rb7 49. Rd5 Kf6 50. Rd4 Rbe7 51. Rd6+ R7e6 52. Rd8 Rb6 53. Rd4 Rbe6 54. c5 Rxc5 55. Rexe4 Rxe4+ 56. Rxe4 Rb5 57. Rc4 Rb6 58. Rc5 Rd6 59. Rf5+ Ke6 60. Kxg5 Rd3 61. Rf3 Rd7 62. Rf4 Rb7 63. Rc4 Ke5 64. Kg6 Kd5 65. g4 Ke5 66. h4 Kd5 67. g5 Ke5 68. h5 Ke6 69. h6 gxh6 70. gxh6 Ke5 71. h7 Rb6+ 72. Kg5 1-0

[Event "Ricany op"]
[Site "Ricany"]
[Date "2016.09.02"]
[Round "8"]
[White "Stanek, Ondrej"]
[Black "Steiner, Juraj"]
[Result "0-1"]
[WhiteElo "1837"]
[BlackElo "2044"]
[PlyCount "128"]
[EventDate "2016.08.27"]
[EventType "swiss"]
[EventRounds "9"]
[EventCountry "CZE"]
[SourceTitle "CBM 174 Extra"]
[Source "ChessBase"]
[SourceDate "2016.10.10"]
[SourceVersion "1"]
[SourceVersionDate "2016.10.10"]
[SourceQuality "1"]

1. e4 c5 2. c3 Nf6 3. e5 Nd5 4. d4 cxd4 5. cxd4 e6 6. Nf3 Nc6 7. Bc4 d6 8. 0-0 Be7 9. Re1 0-0 10. Nc3 Nxc3 11. bxc3 dxe5 12. Nxe5 Nxe5 13. Rxe5 Bf6 14. Re3 Qa5 15. Rg3 g6 16. Bh6 Bg7 17. Qd2 Bxh6 18. Qxh6 e5 19. Re1 Qb6 20. Rxe5 Qb1+ 21. Bf1 Bf5 22. Rxf5 Qxf5 23. Rh3 Rfe8 24. Qxh7+ Kf8 25. Rf3 Qe6 26. c4 f5 27. d5 Qf6 28. g4 Re7 29. Qh6+ Qg7 30. Qg5 Kg8 31. gxf5 gxf5 32. Rxf5 Rf8 33. Rxf8+ Kxf8 34. Qxg7+ Rxg7+ 35. Kh1 b6 36. f3 Ke7 37. Bd3 a5 38. h4 Rg3 39. Be4 Rh3+ 40. Kg2 Rxh4 41. Kg3 Rh1 42. Kf4 Kd6 43. Bc2 Rc1 44. Bd3 a4 45. Ke4 a3 46. Kd4 Ra1 47. Kc3 Rxa2 48. Bc2 Ra1 49. Kb3 Rc1 50. Be4 Rxc4 51. Kxa3 Kc5 52. Kb3 b5 53. Bg6 b4 54. Be4 Rc3+ 55. Kb2 Re3 56. Kc2 Kc4 57. d6 Re2+ 58. Kd1 Rh2 59. d7 Rh8 60. Bg6 b3 61. Be8 b2 62. Bf7+ Kc3 63. Bg6 Rd8 64. Bf5 Rxd7+ 0-1

[Event "Ricany op"]
[Site "Ricany"]
[Date "2016.08.29"]
[Round "4"]
[White "Stanek, Ondrej"]
[Black "Postupa, Pavel"]
[Result "1/2-1/2"]
[WhiteElo "1837"]
[BlackElo "1982"]
[PlyCount "101"]
[EventDate "2016.08.27"]
[EventType "swiss"]
[EventRounds "9"]
[EventCountry "CZE"]
[SourceTitle "CBM 174 Extra"]
[Source "ChessBase"]
[SourceDate "2016.10.10"]
[SourceVersion "1"]
[SourceVersionDate "2016.10.10"]
[SourceQuality "1"]

1. e4 c5 2. c3 Nf6 3. e5 Nd5 4. Nf3 g6 5. d4 cxd4 6. Qxd4 Nc7 7. e6 f6 8. exd7+ Qxd7 9. Be3 Nc6 10. Qh4 Nd5 11. Bh6 Qg4 12. Bxf8 Rxf8 13. Nbd2 Qxh4 14. Nxh4 g5 15. Nhf3 Bf5 16. Bb5 e5 17. 0-0 0-0-0 18. Rfe1 Nf4 19. Ne4 Nd3 20. Bxd3 Rxd3 21. Nc5 Rd5 22. b4 b6 23. Ne4 h6 24. b5 Bxe4 25. c4 Rd3 26. Rxe4 Na5 27. Rc1 Nb7 28. Kf1 Nc5 29. Re3 Rd6 30. g4 Rfd8 31. Ne1 Rd2 32. Rc2 R2d4 33. f3 Ne6 34. Kf2 Nf4 35. Kg3 h5 36. gxh5 Nxh5+ 37. Kf2 Nf4 38. Kg3 Rh8 39. Re4 f5 40. Rxe5 Rh3+ 41. Kf2 Rd1 42. Rxf5 Rxh2+ 43. Kg3 Rh1 44. Rxg5 Nh5+ 45. Kg4 Rdxe1 46. Rg2 Nf6+ 47. Kf5 Nd7 48. f4 Rc1 49. Rg8+ Kc7 50. Ra8 Kb7 51. Rd8 1/2-1/2

[Event "Ricany op"]
[Site "Ricany"]
[Date "2016.08.28"]
[Round "2"]
[White "Stanek, Ondrej"]
[Black "Kuhnmund, Ivan"]
[Result "1-0"]
[WhiteElo "1837"]
[BlackElo "1709"]
[PlyCount "79"]
[EventDate "2016.08.27"]
[EventType "swiss"]
[EventRounds "9"]
[EventCountry "CZE"]
[SourceTitle "CBM 174 Extra"]
[Source "ChessBase"]
[SourceDate "2016.10.10"]
[SourceVersion "1"]
[SourceVersionDate "2016.10.10"]
[SourceQuality "1"]

1. e4 c5 2. Nf3 d6 3. Bb5+ Bd7 4. Bxd7+ Qxd7 5. 0-0 Nc6 6. c3 e5 7. d4 Nf6 8. Re1 g6 9. Nbd2 Bg7 10. Nc4 0-0 11. dxc5 dxc5 12. Qc2 Qe7 13. Bg5 h6 14. Bh4 g5 15. Bg3 Nh5 16. Ne3 Rad8 17. Nf5 Qe6 18. h4 f6 19. Bh2 Rf7 20. b3 Rfd7 21. Rad1 Bf8 22. Rxd7 Qxd7 23. Ne3 Qd3 24. Qxd3 Rxd3 25. Nd5 Kf7 26. Kf1 b5 27. Ke2 c4 28. bxc4 bxc4 29. Rb1 Ke6 30. Ne1 f5 31. Nxd3 cxd3+ 32. Kxd3 fxe4+ 33. Kxe4 Bc5 34. Ne3 Nf6+ 35. Kd3 gxh4 36. f3 Nh5 37. Rb5 Bd6 38. Kc2 e4 39. Bxd6 exf3 40. Rxh5 1-0

[Event "Czech Fed-ch U14"]
[Site "Hrdonov"]
[Date "2013.10.29"]
[Round "4"]
[White "Solc, Filip"]
[Black "Stanek, Ondrej"]
[Result "0-1"]
[WhiteElo "1676"]
[BlackElo "1584"]
[PlyCount "130"]
[EventDate "2013.10.26"]
[EventType "swiss"]
[EventRounds "9"]
[EventCountry "CZE"]
[SourceTitle "EXT 2016"]
[Source "ChessBase"]
[SourceDate "2015.10.08"]
[SourceVersion "1"]
[SourceVersionDate "2015.10.08"]
[SourceQuality "1"]

1. e4 c5 2. Nf3 e6 3. d4 cxd4 4. Nxd4 Nf6 5. Nc3 Nc6 6. a3 Be7 7. Be3 0-0 8. Bc4 a6 9. 0-0 Qc7 10. Ba2 d6 11. Nxc6 bxc6 12. f4 c5 13. Qd3 Qc6 14. Rae1 Rb8 15. Bb3 Bb7 16. Rf3 Ba8 17. Bd2 Rfc8 18. Ba4 Qb6 19. Bc1 Ng4 20. Kh1 c4 21. Qe2 d5 22. exd5 Bc5 23. Ne4 Bxd5 24. Nxc5 Qxc5 25. Rff1 Qa5 26. Bd7 Rc7 27. Qxg4 Rxd7 28. Qe2 Rdd8 29. Bd2 Bxg2+ 30. Qxg2 Rxd2 31. Re2 Rxe2 32. Qxe2 Qd5+ 33. Kg1 Rxb2 34. Rd1 Qc5+ 35. Kg2 Rb8 36. Qf3 Qf5 37. Rd2 Qc5 38. h3 h6 39. Kh2 Qb6 40. Qg3 Rd8 41. Rg2 Qd4 42. Qh4 Kh7 43. Qg3 Qf6 44. Qf3 Rd4 45. Rf2 e5 46. fxe5 Qxe5+ 47. Kg1 Qg5+ 48. Kh2 f6 49. Kh1 Qd5 50. Qxd5 Rxd5 51. Kg2 f5 52. Kf3 g5 53. Re2 a5 54. Rg2 Kg6 55. Re2 Kf6 56. Kf2 c3 57. Kf3 Rd2 58. Rxd2 cxd2 59. Ke2 Ke5 60. Kxd2 g4 61. hxg4 fxg4 62. Kc3 g3 63. Kb3 g2 64. Ka4 g1Q 65. Kxa5 Qc5+ 0-1

[Event "Czech Fed-ch U14"]
[Site "Hrdonov"]
[Date "2013.10.29"]
[Round "5"]
[White "Stanek, Ondrej"]
[Black "Novak, Martin"]
[Result "0-1"]
[WhiteElo "1584"]
[BlackElo "1728"]
[PlyCount "42"]
[EventDate "2013.10.26"]
[EventType "swiss"]
[EventRounds "9"]
[EventCountry "CZE"]
[SourceTitle "EXT 2016"]
[Source "ChessBase"]
[SourceDate "2015.10.08"]
[SourceVersion "1"]
[SourceVersionDate "2015.10.08"]
[SourceQuality "1"]

1. e4 c5 2. c3 d6 3. d4 cxd4 4. cxd4 Nf6 5. Nc3 e6 6. Nf3 Be7 7. Bc4 Qc7 8. Bb3 Nbd7 9. 0-0 a6 10. Be3 b5 11. Rc1 Qb8 12. d5 e5 13. Bc2 0-0 14. Nh4 Nb6 15. b3 Bd7 16. Bb1 Qb7 17. f4 Ng4 18. Bf2 Nxf2 19. Rxf2 Bxh4 20. g3 Bf6 21. f5 Bg5 0-1

[Event "CZE-ch U12"]
[Site "Kouty nad Desnou"]
[Date "2013.03.12"]
[Round "5"]
[White "Stanek, Ondrej"]
[Black "Vitak, Jiri"]
[Result "1/2-1/2"]
[WhiteElo "1549"]
[BlackElo "1519"]
[PlyCount "37"]
[EventDate "2013.03.09"]
[EventType "swiss"]
[EventRounds "9"]
[EventCountry "CZE"]
[SourceTitle "EXT 2015"]
[Source "ChessBase"]
[SourceDate "2014.11.20"]
[SourceVersion "1"]
[SourceVersionDate "2014.11.20"]
[SourceQuality "1"]

1. e4 e5 2. Nf3 Nc6 3. Bb5 Nf6 4. 0-0 d6 5. d4 Bd7 6. d5 Ne7 7. Bxd7+ Qxd7 8. Nc3 Ng6 9. Be3 Be7 10. Qd3 a6 11. Ne2 0-0 12. c4 Ng4 13. Bd2 h6 14. h3 Nf6 15. Ng3 Rae8 16. Rfe1 Rb8 17. b4 Rfc8 18. Rec1 Ra8 19. a3 1/2-1/2

[Event "CZE-ch U12"]
[Site "Kouty nad Desnou"]
[Date "2013.03.10"]
[Round "2"]
[White "Stanek, Ondrej"]
[Black "Chwistek, Karel"]
[Result "1/2-1/2"]
[WhiteElo "1549"]
[BlackElo "1575"]
[PlyCount "56"]
[EventDate "2013.03.09"]
[EventType "swiss"]
[EventRounds "9"]
[EventCountry "CZE"]
[SourceTitle "EXT 2015"]
[Source "ChessBase"]
[SourceDate "2014.11.20"]
[SourceVersion "1"]
[SourceVersionDate "2014.11.20"]
[SourceQuality "1"]

1. e4 c5 2. Nf3 g6 3. c3 Nc6 4. d4 cxd4 5. cxd4 d5 6. e5 Bg7 7. Nc3 f6 8. Bb5 fxe5 9. Nxe5 Bxe5 10. dxe5 d4 11. Bxc6+ bxc6 12. Ne2 Qa5+ 13. Qd2 Qxe5 14. Qxd4 Qxd4 15. Nxd4 c5 16. Nb5 Kd7 17. Bf4 Bb7 18. 0-0-0+ Kc6 19. a4 a6 20. Na3 Nf6 21. Rhe1 Nd5 22. Bg3 Rhe8 23. Nc4 Rad8 24. Ne5+ Kb6 25. Nf7 Rc8 26. Ng5 Nf6 27. f3 Ka5 28. Ne6 Nd5 1/2-1/2

[Event "Czech Fed-ch U12"]
[Site "Hrdonov"]
[Date "2012.10.27"]
[Round "9"]
[White "Dolansky, Lukas"]
[Black "Stanek, Ondrej"]
[Result "1/2-1/2"]
[WhiteElo "1506"]
[BlackElo "1549"]
[PlyCount "29"]
[EventDate "2012.10.20"]
[EventType "swiss"]
[EventRounds "9"]
[EventCountry "CZE"]
[SourceTitle "CBM 151 Extra"]
[Source "ChessBase"]
[SourceDate "2012.12.18"]
[SourceVersion "1"]
[SourceVersionDate "2012.12.18"]
[SourceQuality "1"]

1. e4 e5 2. Nf3 Nc6 3. Bc4 Nf6 4. d3 Be7 5. Nc3 d6 6. Be3 Na5 7. Bb3 c6 8. d4 Qc7 9. dxe5 dxe5 10. Qe2 0-0 11. Rd1 Nxb3 12. axb3 Bg4 13. 0-0 b6 14. Bg5 Nh5 15. Bxe7 1/2-1/2

[Event "Czech Fed-ch U12"]
[Site "Hrdonov"]
[Date "2012.10.25"]
[Round "7"]
[White "Miesbauer, Jan"]
[Black "Stanek, Ondrej"]
[Result "1/2-1/2"]
[WhiteElo "1896"]
[BlackElo "1549"]
[PlyCount "64"]
[EventDate "2012.10.20"]
[EventType "swiss"]
[EventRounds "9"]
[EventCountry "CZE"]
[SourceTitle "CBM 151 Extra"]
[Source "ChessBase"]
[SourceDate "2012.12.18"]
[SourceVersion "1"]
[SourceVersionDate "2012.12.18"]
[SourceQuality "1"]

1. e4 e5 2. Nf3 Nc6 3. Bb5 a6 4. Ba4 Nf6 5. 0-0 Be7 6. Re1 b5 7. Bb3 0-0 8. c3 d5 9. exd5 Nxd5 10. Nxe5 Nxe5 11. Rxe5 c6 12. Bxd5 cxd5 13. d4 Bd6 14. Re3 Qh4 15. h3 g5 16. Nd2 g4 17. hxg4 Qh2+ 18. Kf1 Qh1+ 19. Ke2 Qxg2 20. Qf1 Bxg4+ 21. Ke1 Qxf1+ 22. Kxf1 Rfe8 23. Nb3 h5 24. Bd2 Rxe3 25. Bxe3 h4 26. Nd2 Kh7 27. f3 Bh3+ 28. Ke2 Bg2 29. f4 h3 30. Nf3 Rg8 31. Kf2 f6 32. a4 b4 1/2-1/2

[Event "Czech Fed-ch U12"]
[Site "Hrdonov"]
[Date "2012.10.23"]
[Round "4"]
[White "Stanek, Ondrej"]
[Black "Zeman, Matyas"]
[Result "1-0"]
[WhiteElo "1549"]
[BlackElo "1392"]
[PlyCount "73"]
[EventDate "2012.10.20"]
[EventType "swiss"]
[EventRounds "9"]
[EventCountry "CZE"]
[SourceTitle "CBM 151 Extra"]
[Source "ChessBase"]
[SourceDate "2012.12.18"]
[SourceVersion "1"]
[SourceVersionDate "2012.12.18"]
[SourceQuality "1"]

1. e4 c5 2. Nf3 d6 3. Bb5+ Bd7 4. Bxd7+ Qxd7 5. c3 Nc6 6. 0-0 Nf6 7. Re1 g6 8. d4 cxd4 9. cxd4 Bg7 10. Nc3 0-0 11. h3 Rfd8 12. Be3 Rac8 13. Nd2 a6 14. d5 Ne5 15. Bb6 Re8 16. Qe2 g5 17. Bd4 Ng6 18. Nc4 Nf4 19. Qf1 Qc7 20. Nb6 Rb8 21. Rac1 Qd8 22. Nca4 Nd7 23. Bxg7 Kxg7 24. Nxd7 Qxd7 25. Nb6 Qd8 26. Nc4 b5 27. Ne3 Rb6 28. Rc3 Qb8 29. Rec1 e6 30. Rc6 exd5 31. exd5 Re5 32. Rc8 Qa7 33. Qd1 Qe7 34. g3 Nxh3+ 35. Kg2 Nxf2 36. Qd4 Rb7 37. Nf5+ 1-0

[Event "EU-ch U12"]
[Site "Prague"]
[Date "2012.08.24"]
[Round "8"]
[White "Stanek, Ondrej"]
[Black "Mestnikov, Aital"]
[Result "0-1"]
[WhiteElo "1954"]
[BlackElo "1719"]
[PlyCount "114"]
[EventDate "2012.08.17"]
[EventType "swiss"]
[EventRounds "9"]
[EventCountry "CZE"]
[SourceTitle "CBM 150 Extra"]
[Source "ChessBase"]
[SourceDate "2012.10.19"]
[SourceVersion "1"]
[SourceVersionDate "2012.10.19"]
[SourceQuality "1"]

1. e4 c6 2. d4 d5 3. exd5 cxd5 4. c4 Nf6 5. Nc3 e6 6. Nf3 Be7 7. Bg5 dxc4 8. Bxc4 0-0 9. 0-0 a6 10. a3 b5 11. Ba2 Bb7 12. Qe2 Nbd7 13. Rad1 Nb6 14. Rfe1 Nbd5 15. Ne5 Nxc3 16. bxc3 Nd5 17. Bxe7 Qxe7 18. Bxd5 Bxd5 19. Ra1 Rac8 20. Qd2 Rc7 21. Nd3 Qh4 22. f3 Rfc8 23. Nc5 Rc6 24. Qf2 Qg5 25. Qe3 Qg6 26. Qf2 f6 27. f4 Kf7 28. Qd2 h5 29. Qf2 Rh8 30. Qg3 Qf5 31. Rf1 Rh6 32. Rf2 Rg6 33. Qe3 Rg4 34. Rc1 Qg6 35. Qd2 h4 36. Qc2 Qh6 37. Qd2 Rc8 38. Qe3 Qg6 39. Rcc2 Rc6 40. Qd3 Qxd3 41. Nxd3 Be4 42. Rfd2 Bxd3 43. Rxd3 Rxf4 44. d5 exd5 45. Rxd5 Rfc4 46. Rd3 a5 47. Rd7+ Kg6 48. Ra7 a4 49. Rb7 Rxc3 50. Rxc3 Rxc3 51. Rxb5 Rxa3 52. Ra5 Ra2 53. Kf1 a3 54. h3 Ra1+ 55. Kf2 a2 56. Ra4 Kh5 57. Ra5+ g5 0-1

[Event "CZE-ch U12"]
[Site "Kouty nad Desnou"]
[Date "2012.03.12"]
[Round "4"]
[White "Kadlec, Daniel"]
[Black "Stanek, Ondrej"]
[Result "1-0"]
[WhiteElo "1409"]
[BlackElo "1608"]
[PlyCount "71"]
[EventDate "2012.03.10"]
[EventType "swiss"]
[EventRounds "9"]
[EventCountry "CZE"]
[SourceTitle "EXT 2013"]
[Source "ChessBase"]
[SourceDate "2012.11.22"]
[SourceVersion "1"]
[SourceVersionDate "2012.11.22"]
[SourceQuality "1"]

1. e4 c5 2. Nf3 e6 3. d4 cxd4 4. Nxd4 Nf6 5. Nc3 Nc6 6. Ndb5 Bb4 7. a3 Be7 8. Nd6+ Bxd6 9. Qxd6 Qe7 10. Bf4 e5 11. Qxe7+ Kxe7 12. Bg5 Kf8 13. 0-0-0 Ng4 14. Bh4 f6 15. h3 Nh6 16. Bc4 g5 17. Bg3 Kg7 18. h4 g4 19. f4 gxf3 20. gxf3 f5 21. Rhg1 Kf8 22. Rd6 f4 23. Bf2 Nf7 24. Rf6 Ncd8 25. Bc5+ Ke8 26. Nd5 Ne6 27. Nc7+ Nxc7 28. Bxf7+ Kd8 29. Rg8+ Rxg8 30. Bxg8 Ne6 31. Bd6 a5 32. Bxh7 Ra6 33. Bxe5 b5 34. h5 Ng5 35. Rxa6 Bxa6 36. Bf6+ 1-0

[Event "CZE-ch U12"]
[Site "Kouty nad Desnou"]
[Date "2012.03.12"]
[Round "3"]
[White "Stanek, Ondrej"]
[Black "Horvath, Tomas"]
[Result "1-0"]
[WhiteElo "1608"]
[BlackElo "1461"]
[PlyCount "121"]
[EventDate "2012.03.10"]
[EventType "swiss"]
[EventRounds "9"]
[EventCountry "CZE"]
[SourceTitle "EXT 2013"]
[Source "ChessBase"]
[SourceDate "2012.11.22"]
[SourceVersion "1"]
[SourceVersionDate "2012.11.22"]
[SourceQuality "1"]

1. e4 e5 2. Nf3 Nc6 3. d4 exd4 4. Bc4 h6 5. Nxd4 d6 6. 0-0 Nf6 7. Nc3 Be7 8. Bf4 Bg4 9. f3 Bd7 10. Qd2 Ne5 11. Bb3 Ng6 12. Be3 c5 13. Nde2 Qc7 14. Nd5 Nxd5 15. Bxd5 Be6 16. Nf4 Nxf4 17. Bxf4 Bxd5 18. Qxd5 Rd8 19. Rad1 0-0 20. Rd3 c4 21. Rdd1 Qb6+ 22. Qd4 Qa6 23. Qe3 Bf6 24. Qa3 Qxa3 25. bxa3 Be5 26. Bg3 Rfe8 27. Rd5 a6 28. Rfd1 Bxg3 29. hxg3 Re6 30. a4 Rg6 31. Kf2 Kf8 32. R1d4 Ke7 33. Rxc4 Re6 34. Ke3 g6 35. Rcd4 Rc8 36. Rd2 Rc3+ 37. R5d3 Rc4 38. Rb3 Rc7 39. c3 Re5 40. Rdb2 Ke6 41. Kd2 Ra5 42. Rb4 Rac5 43. R2b3 Ra5 44. Rb2 Rac5 45. Rxb7 Rxc3 46. Rxc7 Rxc7 47. Rb6 a5 48. Rb5 Ra7 49. Kd3 Ra6 50. f4 f5 51. e5 h5 52. Kd4 Ke7 53. Kd5 dxe5 54. fxe5 Ra7 55. Rb6 Rc7 56. Rxg6 Rc3 57. Rg7+ Ke8 58. e6 Re3 59. Kd6 Rd3+ 60. Ke5 Re3+ 61. Kf6 1-0

[Event "CZE-chT2C 1112"]
[Site "Czech Republic"]
[Date "2012.02.05"]
[Round "7.8"]
[White "Stanek, Ondrej"]
[Black "Bradac, Daniel"]
[Result "1-0"]
[WhiteElo "2027"]
[BlackElo "1894"]
[PlyCount "65"]
[EventDate "2011.10.09"]
[EventType "team-tourn"]
[EventRounds "11"]
[EventCountry "CZE"]
[SourceTitle "EXT 2013"]
[Source "ChessBase"]
[SourceDate "2012.11.22"]
[SourceVersion "1"]
[SourceVersionDate "2012.11.22"]
[SourceQuality "1"]
[WhiteTeam "Vlasim"]
[BlackTeam "Turnov Zikuda III"]
[WhiteTeamCountry "CZE"]
[BlackTeamCountry "CZE"]

1. e4 c5 2. Nf3 Nc6 3. d4 cxd4 4. Nxd4 g6 5. Nc3 Bg7 6. Be3 d6 7. Be2 Nf6 8. Qd2 0-0 9. 0-0-0 a6 10. f3 Ne5 11. g4 Be6 12. Nxe6 fxe6 13. h4 b5 14. h5 Qa5 15. hxg6 hxg6 16. Bh6 b4 17. Bxg7 Kxg7 18. Nb1 Qxa2 19. Qxb4 Rab8 20. Qa3 Qxa3 21. Nxa3 Nfd7 22. Rh3 Nc5 23. Rdh1 Na4 24. Rh7+ Kg8 25. Rxe7 Rxb2 26. Nc4 Ra2 27. Rhh7 Rf7 28. Rhxf7 Nxf7 29. Rxe6 g5 30. Nxd6 Nxd6 31. Rxd6 Ra1+ 32. Kd2 Kf7 33. Rxa6 1-0

[Event "CZE-chT2C 1112"]
[Site "Czech Republic"]
[Date "2011.11.20"]
[Round "3.8"]
[White "Stanek, Ondrej"]
[Black "Splichal, Petr"]
[Result "1/2-1/2"]
[WhiteElo "2027"]
[BlackElo "2002"]
[PlyCount "103"]
[EventDate "2011.10.09"]
[EventType "team-tourn"]
[EventRounds "11"]
[EventCountry "CZE"]
[SourceTitle "EXT 2013"]
[Source "ChessBase"]
[SourceDate "2012.11.22"]
[SourceVersion "1"]
[SourceVersionDate "2012.11.22"]
[SourceQuality "1"]
[WhiteTeam "Vlasim"]
[BlackTeam "Kutna Hora"]
[WhiteTeamCountry "CZE"]
[BlackTeamCountry "CZE"]

1. e4 e6 2. d4 d5 3. Nd2 Nc6 4. Ngf3 Nf6 5. e5 Nd7 6. c3 f6 7. exf6 Qxf6 8. Nb3 Bd6 9. Bg5 Qf7 10. Bd3 e5 11. dxe5 Ndxe5 12. Be2 0-0 13. 0-0 Be6 14. Bh4 Nxf3+ 15. Bxf3 Ne5 16. Bh5 g6 17. Be2 Rae8 18. Qd4 b6 19. Rad1 c5 20. Qd2 Ng4 21. Bg3 Bf4 22. Bxf4 Qxf4 23. Qxf4 Rxf4 24. h3 Nf6 25. Bb5 Rd8 26. Rfe1 Re4 27. Nd2 Rxe1+ 28. Rxe1 Bd7 29. Bxd7 Rxd7 30. Nf3 Ne4 31. Rd1 Kf8 32. Ne5 Rd6 33. f3 Nf6 34. Nc4 Re6 35. Nd2 a5 36. Kf2 Ke7 37. Nf1 Kd6 38. Ne3 Kc6 39. Nc2 b5 40. a3 a4 41. Rd3 Nd7 42. Ne3 Nb6 43. g3 Rd6 44. Ke2 d4 45. Nc2 Nc4 46. cxd4 Nxb2 47. Rc3 c4 48. Nb4+ Kb6 49. Rc2 c3 50. Rxc3 Rxd4 51. Rc6+ Kb7 52. Rc5 1/2-1/2